000 00964nam a22002897a 4500
003 URS
005 20250828100510.0
008 160523b xxu||||| |||| 00| 0 eng d
020 _a971 - 23 - 3911 - 4
040 _aURS
_cURS
041 _aenglish
050 0 0 _aQP 84
_b.Ac35 2004
100 1 _aAcero, Victorina O.
_eauthor
245 _aHuman growth development and learning
264 _aManila
_bRex Book Store
_c©2004
300 _axiv, 262 pages ;
_c23 cm
336 _2rdacontent
_atext
337 _2rdamedia
_aunmediated
338 _2rdacarrier
_avolume
500 _aIncludes index.
505 _aOverview of the teaching and learning process -- The Development of the learner -- Human development theories -- Learning theories -- Cognition and learning -- Memory.35
650 _aHuman growth.
650 _aDevelopmental psychology.
700 1 _aJavier, Evelyn S.
_eauthor
700 1 _aCastro, Hermina O.
_eauthor
942 _cF
_2lcc
999 _c84987
_d84985